Όλοι οι Πρωταθλητές της Κύπρου στο Ποδόσφαιρο - Statistics

General Stats
  • This quiz has been taken 5 times
  • The average score is 6 of 12
Answer Stats
Έτος Πρωταθλητής % Correct
1936 ΑΠΟΕΛ
100%
2025 Πάφος FC
100%
1941 ΑΕ Λεμεσού
80%
1950 Ανόρθωσις Αμμοχώστου
80%
1961 Ομόνοια Λευκωσίας
80%
1991 Απόλλων Λεμεσού
60%
2023 Άρης Λεμεσού
40%
1954 Πεζοπορικός Λάρνακας
20%
1967 Ολυμπιακός Λευκωσίας
20%
1935 Ένωσις Νέων Τραστ
0%
1945 ΕΠΑ Λάρνακας
0%
1951 Τσετίνκαγια ΤΣΚ
0%
No matching quizzes found
Score Distribution
Percent of People with Each Score
Percentile by Number Answered
Your Score History
You have not taken this quiz